What Countries Can You See? #2 - Statistics

General Stats
  • This quiz has been taken 19 times
  • The average score is 31 of 36
Answer Stats
Picture Answer % Correct
Finland
100%
Norway
100%
Saudi Arabia
100%
Sweden
100%
Algeria
95%
Egypt
95%
Libya
95%
South Africa
95%
Sudan
95%
Tunisia
95%
Costa Rica
89%
Cyprus
89%
Eswatini
89%
Lesotho
89%
Madagascar
89%
Panama
89%
Philippines
89%
Guyana
84%
Indonesia
84%
Malaysia
84%
Moldova
84%
Nicaragua
84%
Romania
84%
Syria
84%
Turkey
84%
Ukraine
84%
Venezuela
84%
Brunei
79%
Federated States of Micronesia
79%
Mauritius
79%
Trinidad and Tobago
79%
Kenya
74%
Tanzania
74%
Uganda
74%
Palau
68%
France
58%
No matching quizzes found
Score Distribution
Percent of People with Each Score
Percentile by Number Answered
Your Score History
You have not taken this quiz